<?xml version="1.0" encoding="UTF-8"?>
<record
    xmlns:xsi="http://www.w3.org/2001/XMLSchema-instance"
    xsi:schemaLocation="http://www.loc.gov/MARC21/slim http://www.loc.gov/standards/marcxml/schema/MARC21slim.xsd"
    xmlns="http://www.loc.gov/MARC21/slim">

  <leader>02226nam a2200385   4500</leader>
  <controlfield tag="001">13968</controlfield>
  <controlfield tag="003">http://catalogue.bnf.fr/ark:/12148/cb48635818q</controlfield>
  <controlfield tag="005">20251204163123.0</controlfield>
  <datafield tag="010" ind1=" " ind2=" ">
    <subfield code="a">9782846817295</subfield>
    <subfield code="d">15 EUR</subfield>
  </datafield>
  <datafield tag="073" ind1=" " ind2="0">
    <subfield code="a">9782846817295</subfield>
  </datafield>
  <datafield tag="090" ind1=" " ind2=" ">
    <subfield code="a">13968</subfield>
  </datafield>
  <datafield tag="099" ind1=" " ind2=" ">
    <subfield code="o">0</subfield>
  </datafield>
  <datafield tag="100" ind1=" " ind2=" ">
    <subfield code="a">20251029d2025    m  y0frey50      ba</subfield>
  </datafield>
  <datafield tag="101" ind1="0" ind2=" ">
    <subfield code="a">fre</subfield>
  </datafield>
  <datafield tag="102" ind1=" " ind2=" ">
    <subfield code="a">FR</subfield>
  </datafield>
  <datafield tag="105" ind1=" " ind2=" ">
    <subfield code="a">||||z   00|||</subfield>
  </datafield>
  <datafield tag="181" ind1=" " ind2="0">
    <subfield code="6">01</subfield>
    <subfield code="a">i </subfield>
    <subfield code="b">xxxe  </subfield>
  </datafield>
  <datafield tag="181" ind1=" " ind2=" ">
    <subfield code="6">02</subfield>
    <subfield code="c">txt</subfield>
    <subfield code="2">rdacontent</subfield>
  </datafield>
  <datafield tag="182" ind1=" " ind2="0">
    <subfield code="6">01</subfield>
    <subfield code="a">n</subfield>
  </datafield>
  <datafield tag="182" ind1=" " ind2=" ">
    <subfield code="6">02</subfield>
    <subfield code="c">n</subfield>
    <subfield code="2">rdamedia</subfield>
  </datafield>
  <datafield tag="200" ind1="1" ind2=" ">
    <subfield code="a">Au ciment la brume</subfield>
    <subfield code="b">LIVR</subfield>
  </datafield>
  <datafield tag="214" ind1=" " ind2="0">
    <subfield code="c">Editions Les Solitaires Intempestifs</subfield>
    <subfield code="d">2025</subfield>
  </datafield>
  <datafield tag="214" ind1=" " ind2="3">
    <subfield code="c">Impr. Pr&#xE9;sence graphique</subfield>
  </datafield>
  <datafield tag="214" ind1=" " ind2="0">
    <subfield code="a">Besan&#xE7;on</subfield>
  </datafield>
  <datafield tag="214" ind1=" " ind2="3">
    <subfield code="a">37-Monts</subfield>
  </datafield>
  <datafield tag="215" ind1=" " ind2=" ">
    <subfield code="a">1 vol. (200 p.)</subfield>
  </datafield>
  <datafield tag="215" ind1=" " ind2=" ">
    <subfield code="d">20 cm</subfield>
  </datafield>
  <datafield tag="225" ind1="1" ind2=" ">
    <subfield code="a">Collection bleue</subfield>
  </datafield>
  <datafield tag="323" ind1=" " ind2=" ">
    <subfield code="a">9 personnages</subfield>
  </datafield>
  <datafield tag="330" ind1=" " ind2=" ">
    <subfield code="a">Arthur, &#xE9;tudiant-journaliste, revient dans la petite ville-dortoir o&#xF9; vit sa m&#xE8;re Miriam pour enqu&#xEA;ter sur d &#xE9;tranges disparitions survenues vingt ans plus t&#xF4;t, lorsqu il &#xE9;tait enfant. Selon lui, ces disparitions, et notamment celle de son p&#xE8;re, seraient li&#xE9;es &#xE0; l explosion d une centrale nucl&#xE9;aire implant&#xE9;e dans la for&#xEA;t voisine. Arthur retrouve une population mutique, affaiblie, ainsi qu une jeunesse d&#xE9;sSuvr&#xE9;e qui d&#xE9;rive, sans m&#xE9;moire ni projets d avenir. Alors que le d&#xF4;me recouvrant la centrale se fissure dans ses r&#xEA;ves, une brume &#xE9;mane de la terre. Une brume peupl&#xE9;e de fant&#xF4;mes. "Au ciment la brume" est ainsi une pi&#xE8;ce sur la m&#xE9;lancolie. Le fant&#xF4;me, c est la m&#xE9;lancolie qui prend forme humaine : c est le pass&#xE9; qui s impose dans le pr&#xE9;sent. Mais c'est aussi une pi&#xE8;ce sur la r&#xE9;alit&#xE9; : la th&#xE9;orie d'Arthur n'est-elle qu'une affabulation ? &#xC0; mesure que le temps passe, le pass&#xE9; s obscurcit, et il devient plus facile de le r&#xE9;inventer, dans un sens comme dans l'autre. Comment savoir, alors, quelle &#xE9;tait la v&#xE9;ritable histoire ? Et si on ne conna&#xEE;t pas notre pass&#xE9;, comment comprendre notre pr&#xE9;sent ? </subfield>
  </datafield>
  <datafield tag="700" ind1=" " ind2=" ">
    <subfield code="a">Girard-Michelotti</subfield>
    <subfield code="b">Nicolas</subfield>
  </datafield>
  <datafield tag="700" ind1=" " ind2=" ">
    <subfield code="c">Auteur du texte</subfield>
  </datafield>
  <datafield tag="801" ind1=" " ind2="0">
    <subfield code="a">FR</subfield>
    <subfield code="b">FR-751131015</subfield>
    <subfield code="c">20251029</subfield>
    <subfield code="g">AFNOR</subfield>
    <subfield code="h">FRBNF486358180000007</subfield>
  </datafield>
  <datafield tag="856" ind1=" " ind2="2">
    <subfield code="u">1130787</subfield>
    <subfield code="b">Premi&#xE8;re de couverture</subfield>
  </datafield>
  <datafield tag="856" ind1=" " ind2="2">
    <subfield code="u">1130951</subfield>
    <subfield code="b">Quatri&#xE8;me de couverture</subfield>
  </datafield>
  <datafield tag="995" ind1=" " ind2=" ">
    <subfield code="2">0</subfield>
    <subfield code="5">2025-12-04</subfield>
    <subfield code="9">13861</subfield>
    <subfield code="c">JOL</subfield>
    <subfield code="f">JOL-007669</subfield>
    <subfield code="k">TH GIR 9</subfield>
    <subfield code="n">2026-01-22</subfield>
    <subfield code="o">0</subfield>
    <subfield code="b">JOL</subfield>
    <subfield code="r">LIVR</subfield>
  </datafield>
</record>
